[Event "Match"]
[Site "www.echecsemail.com"]
[Date "2015.04.22"]
[Round "1"]
[White "Chtoubidou"]
[Black "Pariolinius"]
[WhiteElo "1920"]
[BlackElo "1860"]
[Result "1-0"]
[Round "1"]
1.d4 d5
2.Ng1f3 e6
3.Bc1f4 Ng8f6
4.e3 Bf8e7
5.c4 c6
6.Nb1c3 Nb8d7
7.Bf1d3 Nf6e4
8.Ra1c1 Nd7f6
9.O-O O-O
10.Rf1e1 Be7b4
11.Bd3xe4 Nf6xe4
12.a3 Bb4a5
13.c5 Qd8d7
14.b4 Ne4xc3
15.Rc1xc3 Ba5d8
16.Bf4d6 Rf8e8
17.Nf3e5 { resign }
1-0

[Event "1/16 Finale"]
[Site "www.chess-mail.com"]
[Date "2015.04.22"]
[Round "1"]
[White "Merlino23"]
[Black "Chessmith19"]
[WhiteElo "2590"]
[BlackElo "2620"]
[Result "1-0"]
[Round "1"]
1.e4 e5
2.Ng1f3 Nb8c6
3.Bf1b5 a6
4.Bb5a4 Ng8f6
5.O-O b5
6.Ba4b3 d6
7.c3 Bf8e7
8.h3 Bc8b7
9.Rf1e1 O-O
10.d4 Rf8e8
11.Nb1d2 Be7f8
12.d5 Nc6b8
13.Nd2f1 Nb8d7
14.Nf1g3 Nd7c5
15.Bb3c2 c6
16.b4 Nc5d7
17.dxc6 Bb7xc6
18.Bc2b3 h6
19.Nf3h2 a5
20.a3 Bc6b7
21.Nh2g4 d5
22.Ng3f5 axb4
23.cxb4 Bf8xb4
24.Bc1xh6 Bb4xe1
25.Bh6xg7 Be1xf2
26.Ng4xf2 Ra8a6
27.Qd1f3 Nd7c5
28.Ra1f1 Nc5xb3
29.Bg7xf6 Qd8xf6
30.Qf3xb3 Kh8
31.Nf2g4 Qf6g6
32.Nf5h4 Qg6b6
33.Kh2 Bb7c8
34.Ng4f6 Re8e6
35.Nf6xd5 Qb6d8
36.Rf1xf7 Qd8xh4
37.Rf7f8 Kg7
38.Rf8xc8 Ra6c6
39.Rc8b8 Qh4f2
40.Qb3xb5 Rc6c7
41.Rb8b7 Rc7xb7
42.Qb5xb7 Qf2f7
43.Qb7b2 Qf7a7
44.Nd5f4 Re6e7
45.Nf4h5 Kh6
46.Nh5g3 Kh7
47.Ng3f5 Re7e6
48.Qb2b3 Qa7f7
49.Qb3d5 Re6f6
50.Qd5d2 Qf7g6
51.Qd2d8 Qg6g5
52.Qd8c7 Kh8
53.Qc7xe5 Kh7
54.Qe5e7 Kg8
55.h4 Qg5f4
56.Kh3 Rf6xf5
57.exf5 Qf4xf5
58.Kg3 Qf5d3
59.Kh2 Qd3d4
60.h5 Qd4f4
61.Kh3 Qf4f5
62.g4 Qf5f3
63.Kh4 Qf3f2
64.Kg5 Qf2d2
65.Kf6 Qd2f2
66.Kg6 Qf2c2
67.Kh6 Qc2c6
68.Kg5 Qc6c1
69.Kf5 Qc1f1
70.Kg6 Qf1b1
71.Kh6 Qb1b6
72.Kg5 Qb6b5
73.Kh4 { resign }
1-0

[Event "1/8 Finale"]
[Site "www.chess-mail.com"]
[Date "2015.04.22"]
[Round "1"]
[White "Szustan"]
[Black "Ingauno64"]
[WhiteElo "2640"]
[BlackElo "2630"]
[Result "1-0"]
[Round "1"]
1.e4 e6
2.d4 d5
3.Nb1c3 h6
4.Ng1f3 Ng8f6
5.Bf1d3 Bf8b4
6.exd5 exd5
7.O-O O-O
8.a3 Bb4d6
9.Rf1e1 a6
10.Nf3e5 Nb8c6
11.Ne5xc6 bxc6
12.h3 a5
13.Bc1d2 a4
14.Qd1f3 Bc8e6
15.Nc3a2 Ra8b8
16.Na2b4 Rb8b6
17.c3 c5
18.dxc5 Bd6xc5
19.Bd3c2 Nf6e4
20.Bd2e3 Bc5xe3
21.Qf3xe3 Qd8a8
22.c4 Ne4f6
23.c5 Rb6b5
24.Qe3d4 Rf8e8
25.Ra1c1 Rb5a5
26.Re1e3 c6
27.Re3f3 Nf6d7
28.Rf3g3 f6
29.Rc1e1 Kh8
30.Rg3e3 { resign }
1-0

[Event "1/128 Finale"]
[Site "www.chess-mail.com"]
[Date "2015.04.22"]
[Round "1"]
[White "Rindrandria"]
[Black "Birdchess"]
[WhiteElo "1530"]
[BlackElo "1690"]
[Result "0-1"]
[Round "1"]
1.f4 e5
2.fxe5 d6
3.g3 Nb8c6
4.e3 dxe5
5.Qd1f3 Ng8f6
6.Qf3g2 Bc8e6
7.Bf1b5 Be6d7
8.Ng1h3 Bf8e7
9.b3 O-O
10.Bc1b2 Be7d6
11.O-O a6
12.Bb5d3 Nc6b4
13.Nb1c3 Nb4xd3
14.cxd3 Bd7c6
15.Nc3e4 Nf6xe4
16.dxe4 f5
17.Qg2e2 Bc6b5
18.Qe2h5 Bb5xf1
19.Ra1xf1 fxe4
20.Nh3g5 Rf8xf1
21.Kxf1 Qd8f6
22.Kg2 h6
23.Ng5xe4 Qf6e7
24.g4 Ra8f8
25.d4 exd4
26.Ne4xd6 Qe7xd6
27.Bb2xd4 c6
28.g5 Qd6d5
29.Kh3 Rf8f3
30.Kh4 hxg5
31.Qh5xg5 Rf3h3
32.Kxh3 Qd5xg5
33.b4 Kf7
34.Bd4c3 Kg6
35.e4 Kh5
{ resign }
0-1

[Event "1/128 Finale"]
[Site "www.chess-mail.com"]
[Date "2015.04.22"]
[Round "1"]
[White "Llord"]
[Black "Hali"]
[WhiteElo "1780"]
[BlackElo "2180"]
[Result "1-0"]
[Round "1"]
1.e4 c5
2.Bf1c4 g6
3.Qd1f3 e6
4.Nb1c3 Bf8g7
5.b3 Ng8e7
6.Bc1a3 d6
7.Bc4b5 Nb8c6
8.Ng1e2 O-O
9.O-O a6
10.Bb5xc6 Ne7xc6
11.Rf1d1 b5
12.Ba3b2 Bc8b7
13.a3 b4
14.axb4 cxb4
15.Nc3a4 Nc6e5
16.Bb2xe5 Bg7xe5
17.d4 Be5g7
18.h3 Ra8c8
19.Ra1c1 Qd8h4
20.d5 exd5
21.exd5 Rf8e8
22.Na4b6 Rc8c7
23.Ne2f4 Rc7e7
24.g3 Qh4f6
25.Qf3g2 Bg7h6
26.Kh2 Bh6xf4
27.gxf4 Qf6xf4
28.Kg1 Re7e5
29.Qg2g3 Qf4xg3
30.fxg3 f5
31.Nb6d7 Kf7
32.Nd7xe5 dxe5
33.d6 Ke6
34.Rd1d2 Re8d8
35.Rc1d1 Bb7f3
36.Rd1a1 Rd8xd6
37.Rd2xd6 Kxd6
38.Ra1xa6 Kc5
39.Ra6a7 Kd4
40.Ra7xh7 Kc3
41.Rh7c7 Kb2
42.Rc7c4 Ka3
43.Kf2 Bf3d1
44.Ke3 g5
45.Kd2 Bd1f3
46.Rc4c5 f4
47.gxf4 exf4
48.Rc5xg5 Bf3b7
49.Rg5f5 f3
50.h4 Bb7e4
51.Rf5f4 Be4d5
52.h5 { resign }
1-0

[Event "1/128 Finale"]
[Site "www.chess-mail.com"]
[Date "2015.04.22"]
[Round "1"]
[White "Jdz"]
[Black "Samael"]
[WhiteElo "2430"]
[BlackElo "2120"]
[Result "0-1"]
[Round "1"]
1.e4 e5
2.Ng1f3 d6
3.d4 exd4
4.Nf3xd4 Ng8f6
5.Nb1c3 Bc8d7
6.Bf1e2 Bf8e7
7.O-O O-O
8.f4 h6
9.e5 dxe5
10.fxe5 Nf6h7
11.Bc1e3 Nb8c6
12.Nd4xc6 Bd7xc6
13.Be2c4 Qd8xd1
{ resign }
0-1

[Event "1/4 Finale"]
[Site "www.chess-mail.com"]
[Date "2015.04.22"]
[Round "1"]
[White "Asoka"]
[Black "Frantz90"]
[WhiteElo "2640"]
[BlackElo "2600"]
[Result "0-1"]
[Round "1"]
1.e4 e5
2.Ng1f3 Nb8c6
3.Bf1b5 a6
4.Bb5xc6 dxc6
5.O-O f6
6.d4 Bc8g4
7.c3 Qd8e7
8.h3 Bg4h5
9.Nb1d2 O-O-O
10.Qd1c2 Qe7e8
11.dxe5 fxe5
12.b4 Ng8f6
13.a4 Rh8g8
14.b5 g5
15.bxa6 bxa6
16.Qc2b3 g4
17.hxg4 Bh5xg4
18.Ra1b1 Bg4h3
19.Rf1d1 Rg8xg2
20.Kf1 Rg2g1
21.Ke2 Rg1xd1
22.Kxd1 Bh3g4
23.Kc2 Bg4xf3
24.Nd2xf3 Nf6xe4
25.Bc1e3 Ne4d6
26.Rb1g1 c5
27.Nf3d2 h5
28.Kb2 Nd6f5
29.Qb3c4 Rd8d6
30.Kc1 Nf5xe3
31.fxe3 Rd6g6
32.Rg1xg6 Qe8xg6
33.Qc4d5 Bf8e7
34.Nd2c4 c6
35.Qd5xe5 Qg6f6
36.Qe5e4 Qf6xc3
37.Kd1 Qc3f6
38.Ke2 Be7d8
39.Qe4e8 h4
40.a5 Kb7
41.Qe8e4 Qf6c3
42.Qe4h7 Kb8
43.Qh7g8 Qc3c2
44.Nc4d2 Kc7
45.Qg8f7 Kc8
46.Qf7e8 Qc2a4
47.e4 Kc7
48.Qe8f7 Kb8
{ resign }
0-1

[Event "Eq:MondoScacchi-CONFOEDERATIONIS HELVETICAE : "]
[Site "www.chess-mail.com"]
[Date "2015.04.22"]
[Round "1"]
[White "Sontuozio"]
[Black "Thurgau"]
[WhiteElo "2100"]
[BlackElo "2730"]
[Result "0-1"]
[Round "1"]
1.d4 Ng8f6
2.Ng1f3 d5
3.e3 c5
4.c3 e6
5.Bf1d3 Nb8c6
6.Nb1d2 Bf8d6
7.O-O O-O
8.a3 c4
9.Bd3c2 b5
10.e4 Bd6e7
11.e5 Nf6d7
12.Rf1e1 a5
13.Nd2f1 Ra8b8
14.Bc1f4 b4
15.h3 b3
16.Bc2b1 a4
17.Nf3h2 Rf8e8
18.Qd1g4 f5
19.Qg4h5 Bc8a6
20.Nf1g3 g6
21.Qh5h6 Nc6xd4
22.cxd4 c3
23.bxc3 b2
24.Ra1a2 Be7f8
25.Qh6g5 Qd8xg5
26.Bf4xg5 Ba6c4
27.Nh2f1 Bc4xa2
28.Bb1xa2 Bf8xa3
29.Re1b1 Kf7
30.Nf1d2 Ba3f8
31.c4 dxc4
32.Nd2xc4 a3
33.Ng3f1 Re8c8
34.Nf1d2 Nd7b6
35.Nc4xb2 Rc8c2
36.Nb2c4 Rc2xa2
37.Rb1xb6 Rb8xb6
38.Nc4xb6 Ra2b2
39.Nd2c4 Rb2b1
40.Kh2 a2
{ resign }
0-1

[Event "Eq:Equipo Juan Diaz-Helvetica B : "]
[Site "www.chess-mail.com"]
[Date "2015.04.22"]
[Round "1"]
[White "Irene"]
[Black "Astigitana"]
[WhiteElo "1970"]
[BlackElo "2450"]
[Result "0-1"]
[Round "1"]
1.d4 d5
2.Ng1f3 Ng8f6
3.e3 e6
4.Bf1d3 Bf8e7
5.O-O O-O
6.b3 c5
7.dxc5 Be7xc5
8.Bc1b2 Nb8c6
9.Nf3g5 h6
10.Ng5f3 Qd8e7
11.a3 e5
12.Nf3d2 e4
13.Bd3e2 Bc5d6
14.b4 Nc6e5
15.c4 dxc4
16.Nd2xc4 Ne5xc4
17.Be2xc4 Bd6xh2
18.Kxh2 Nf6g4
19.Kg3 Qe7g5
20.f4 exf3
21.gxf3 Ng4xe3
{ resign }
0-1

[Event "Eq:Helvetica B-Los Tercios : "]
[Site "www.chess-mail.com"]
[Date "2015.04.22"]
[Round "1"]
[White "Irene"]
[Black "Churrasca"]
[WhiteElo "1970"]
[BlackElo "1970"]
[Result "0-1"]
[Round "1"]
1.d4 Ng8f6
2.Nb1c3 d5
3.Ng1f3 c5
4.dxc5 Nb8c6
5.a3 d4
6.Nc3b5 e5
7.b4 a6
8.Nb5d6 Bf8xd6
9.cxd6 Qd8xd6
10.c3 Bc8g4
11.cxd4 exd4
12.Bc1b2 Bg4xf3
13.gxf3 O-O
14.a4 Rf8e8
15.b5 axb5
16.Bb2a3 b4
17.Ba3b2 Ra8d8
18.Ra1c1 d3
19.Qd1d2 dxe2
20.Qd2xd6 exf1Q
21.Kxf1 Rd8xd6
22.Kg2 Rd6d2
23.Bb2a1 Re8e2
24.Rh1f1 b3
25.Rc1d1 b2
26.Ba1xb2 Rd2xb2
27.Rd1a1 Nf6d5
28.Rf1d1 Nd5e3
29.Kg3 Ne3xd1
30.Ra1xd1 h6
31.Rd1d8 Nc6xd8
{ resign }
0-1

[Event "Fast Game"]
[Site "www.echecsemail.com"]
[Date "2015.04.22"]
[Round "1"]
[White "Maxiboi"]
[Black "Fanny33"]
[WhiteElo "2389"]
[BlackElo "2190"]
[Result "1/2-1/2"]
[Round "1"]
1.d4 f5
2.c4 Ng8f6
3.Nb1c3 g6
4.h4 d6
5.Bc1g5 Bf8g7
6.Ng1h3 c6
7.Qd1d2 Bc8e6
8.Bg5xf6 Bg7xf6
9.e4 Nb8d7
10.Bf1e2 Qd8b6
11.exf5 gxf5
12.Nh3g5 Be6g8
13.Be2h5 Kf8
14.O-O-O h6
15.Qd2f4 Qb6a5
16.Bh5g6 Nd7e5
17.Bg6xf5 hxg5
18.hxg5 Rh8xh1
19.Rd1xh1 Ne5g6
20.Bf5xg6 Qa5xg5
21.Qf4xg5 Bf6xg5
22.Kc2 Bg8xc4
23.Bg6d3 Bc4xd3
24.Kxd3 Kg7
25.Nc3e4 Bg5h6
26.g3 Ra8f8
27.f4 Kg6
28.b3 { draw }
1/2-1/2

[Event "Tourn. n8083"]
[Site "www.chess-mail.com"]
[Date "2015.04.23"]
[Round "1"]
[White "Silent1"]
[Black "Fabos12"]
[WhiteElo "1900"]
[BlackElo "1890"]
[Result "1-0"]
[Round "1"]
1.d4 g6
2.c4 d6
3.Nb1c3 Bf8g7
4.e3 Nb8c6
5.Bf1e2 e5
6.d5 Nc6e7
7.e4 f5
8.Ng1f3 Ng8f6
9.Be2d3 fxe4
10.Nc3xe4 O-O
11.O-O Nf6e8
12.Bc1g5 Bc8g4
13.Ne4d2 h6
14.Bd3e2 hxg5
15.Nf3xg5 Bg4d7
16.Be2d3 Ne7f5
17.Nd2f3 Bg7h6
18.Ng5e4 Nf5e7
19.Nf3g5 Ne7f5
20.Ng5f3 Ne8f6
21.Ne4xf6 Qd8xf6
22.b3 Nf5e7
23.h3 Bd7xh3
24.Nf3h2 Bh3d7
25.Qd1e2 Bh6f4
26.g3 Bd7h3
27.Rf1e1 Bf4h6
28.Bd3e4 Rf8f7
29.Nh2g4 Qf6g5
30.Ng4xh6 Qg5xh6
31.Be4g2 Ne7f5
32.Qe2e4 Ra8f8
33.Bg2xh3 Qh6xh3
34.Qe4g2 Qh3g4
35.Re1e4 Qg4g5
36.Ra1e1 Nf5d4
37.Re1e3 Rf7xf2
38.Qg2xf2 Rf8xf2
39.Kxf2 Nd4c2
40.Re3e2 Qg5f5
41.Kg2  { time }
1-0

[Event "Tourn. n8169"]
[Site "www.chess-mail.com"]
[Date "2015.04.23"]
[Round "1"]
[White "Kermet"]
[Black "Tartan"]
[WhiteElo "2510"]
[BlackElo "2420"]
[Result "1/2-1/2"]
[Round "1"]
1.c4 e6
2.g3 d5
3.d4 dxc4
4.Bf1g2 c5
5.Ng1f3 Nb8c6
6.e3 Ng8f6
7.O-O cxd4
8.exd4 Bf8b4
9.a3 Bb4a5
10.Qd1a4 O-O
11.Qa4xc4 Qd8d5
12.Qc4xd5 { draw }
1/2-1/2

[Event "Tourn. n8097"]
[Site "www.chess-mail.com"]
[Date "2015.04.23"]
[Round "1"]
[White "Kesalon"]
[Black "Powerchess"]
[WhiteElo "1459"]
[BlackElo "1410"]
[Result "0-1"]
[Round "1"]
1.e4 c5
2.Ng1f3 Nb8c6
3.d4 cxd4
4.Nf3xd4 Ng8f6
5.Nb1c3 g6
6.Bc1e3 Bf8g7
7.f3 a6
8.Qd1d2 O-O
9.O-O-O d6
10.g4 Nc6xd4
11.Be3xd4 Bc8e6
12.h4 Ra8c8
13.h5 Qd8a5
14.Kb1 Rc8xc3
15.Qd2xc3 Qa5xa2
16.Kc1 Rf8c8
17.Qc3a3 Bg7h6
18.Rd1d2 Qa2xa3
19.bxa3 Bh6xd2
20.Kxd2 Be6c4
21.Bf1xc4 Rc8xc4
22.Bd4xf6 exf6
23.Rh1b1 b5
24.h6 Kf8
25.Kd3 Ke7
26.Rb1b4 Rc4c6
27.a4 bxa4
28.Rb4xa4 Kd7
29.c4 Ke6
30.Kd4 f5
31.exf5 gxf5
32.g5 f6
33.f4 fxg5
34.fxg5 Kf7
35.Kd5 Rc6b6
36.Ra4a1 Kg6
37.Ra1g1 a5
38.c5 dxc5
39.Kxc5 Rb6b4
40.Rg1g2 Rb4g4
41.Rg2a2 Rg4xg5
{ resign }
0-1

[Event "Tourn. n8018"]
[Site "www.chess-mail.com"]
[Date "2015.04.23"]
[Round "1"]
[White "Fabos12"]
[Black "Dany2005"]
[WhiteElo "1900"]
[BlackElo "1679"]
[Result "0-1"]
[Round "1"]
1.e4 e6
2.d4 d5
3.exd5 exd5
4.Ng1f3 Ng8f6
5.Nb1c3 Bf8d6
6.Bf1d3 O-O
7.Bc1g5 c6
8.Bg5h4 Rf8e8
9.Nf3e5 Bd6xe5
10.dxe5 Re8xe5
11.Bd3e2 Bc8f5
12.O-O Nb8d7
13.Bh4g3 Re5e8
14.Be2d3 Bf5xd3
15.Qd1xd3 Nd7c5
16.Qd3f5 Nc5e4
17.Nc3xe4 Nf6xe4
18.Bg3e5 f6
19.Be5c3 Ne4xc3
20.bxc3 Re8e5
21.Qf5h3 Qd8e7
22.Ra1d1 Ra8e8
23.Rd1d4 Qe7e6
24.Rd4h4 h6
25.Qh3g3 Re5g5
26.Qg3c7 Qe6e7
27.Qc7xe7 Re8xe7
28.f4 Rg5g6
29.g4 Re7e2
30.f5 Rg6g5
31.Rf1f2 Re2e4
32.h3 Re4e3
33.c4 dxc4
34.Rf2d2 Re3e7
35.Rd2d4 b5
36.Rd4d8 Kf7
37.Rd8c8 g6
38.Rh4xh6 gxf5
39.Rh6h7 Ke6
40.Rc8xc6 Kd7
41.Rh7xe7 Kxc6
42.Re7xa7 fxg4
43.hxg4 Rg5xg4
44.Kf2 f5
45.Kf3 Rg4d4
46.Ke3 Rd4e4
47.Kf3 b4
48.Ra7f7 Re4e5
49.Rf7f6 Kb5
 { time }
0-1

[Event "Tourn. n7979"]
[Site "www.chess-mail.com"]
[Date "2015.04.23"]
[Round "1"]
[White "Vinvangogh"]
[Black "Swampcat"]
[WhiteElo "1560"]
[BlackElo "1230"]
[Result "0-1"]
[Round "1"]
1.e4 e6
2.d4 d5
3.e5 c5
4.Bf1b5 Bc8d7
5.Bb5d3 c4
6.Bd3e2 Nb8c6
7.Ng1f3 Bf8b4
8.c3 Bb4a5
9.O-O h6
10.b4 cxb3
11.axb3 Ng8e7
12.Nb1d2 Ba5xc3
13.Ra1a4 Nc6xe5
14.Nf3xe5 Bd7xa4
15.bxa4 Bc3xd4
16.Ne5g4 O-O
17.Nd2f3 Bd4b6
18.Nf3e5 Ne7c6
19.Bc1b2 Nc6xe5
20.Bb2xe5 Ra8c8
21.Be2d3 Bb6c7
22.Rf1e1 Bc7xe5
23.Re1xe5 Rc8c3
24.Ng4xh6 gxh6
25.Qd1g4 Kh8
26.Re5h5 Qd8f6
27.Qg4h3 Rc3c1
28.Bd3f1 Kh7
29.g4 Rf8h8
30.g5 Rh8g8
31.Kg2 Rg8xg5
32.Kh1 Rg5xh5
33.Qh3xh5 Rc1xf1
34.Kg2 Qf6xf2
35.Kh3 Qf2f3
36.Kh4 Qf3xh5
37.Kxh5 d4
38.Kg4 d3
39.Kg3 d2
40.Kg2 d1Q
41.h3 Qd1f3
42.Kh2 Rf1h1

0-1

[Event "Tourn. n8029"]
[Site "www.chess-mail.com"]
[Date "2015.04.23"]
[Round "1"]
[White "Samael"]
[Black "Preacher59"]
[WhiteElo "2090"]
[BlackElo "2000"]
[Result "1-0"]
[Round "1"]
1.Ng1f3 Ng8f6
2.Nb1c3 g6
3.e3 Bf8g7
4.Bf1e2 O-O
5.O-O d6
6.d4 Bc8g4
7.h3 Bg4xf3
8.Be2xf3 c6
9.a3 Nb8d7
10.Bc1d2 Ra8b8
11.Ra1b1 a5
12.b4 Rb8a8
13.Nc3e4 Qd8c7
14.c3 Nd7b6
15.Ne4xf6 Bg7xf6
16.Qd1b3 d5
17.Rf1d1 Nb6c4
18.Bf3e2 b5
19.Be2xc4 dxc4
20.Qb3c2 e5
21.Qc2e4 Rf8e8
22.Qe4f3 Bf6g7
23.Rd1e1 axb4
24.axb4 e4
25.Qf3d1 f5
26.Qd1c2 Ra8a3
27.Rb1a1 Re8a8
28.Qc2b2 Ra3a7
29.Re1b1 g5
30.g3 h5
31.Kg2 Bg7h6
32.Ra1xa7  { time }
1-0

[Event "Tourn. n8133"]
[Site "www.chess-mail.com"]
[Date "2015.04.23"]
[Round "1"]
[White "Gorgo"]
[Black "Cathar"]
[WhiteElo "2280"]
[BlackElo "2230"]
[Result "1-0"]
[Round "1"]
1.d4 Ng8f6
2.c4 e6
3.Ng1f3 d5
4.Nb1c3 Bf8b4
5.Bc1g5 h6
6.Bg5xf6 Qd8xf6
7.e3 O-O
8.Ra1c1 Nb8c6
9.cxd5 exd5
10.a3 Bb4xc3
11.Rc1xc3 Qf6d6
12.Qd1c2 Bc8d7
13.Bf1d3 Ra8c8
14.h3 Nc6e7
15.O-O a6
16.Rf1c1 c6
17.Nf3e5 Bd7e6
18.b4 f6
19.Ne5f3 Rc8c7
20.Rc3c5 Be6d7
21.Qc2b3 Kh8
22.a4 Rf8c8
23.Nf3h4 g5
24.Nh4f3 Qd6e6
25.a5 Ne7f5
26.Nf3d2 Nf5d6
27.Qb3d1 Qe6f7
28.Qd1f3 Bd7e6
29.Qf3g3 Qf7d7
30.f3 Be6f5
31.e4 Bf5e6
32.Nd2f1 dxe4
33.fxe4 Nd6b5
34.d5 Be6g8
35.d6 Qd7xd6
36.Qg3xd6 Nb5xd6
37.Nf1g3 Bg8h7
38.Rc1f1 Rc8f8
39.Rf1d1 Nd6f7
40.Rd1f1 Nf7d8
41.Ng3h5 Nd8e6
42.Rc5c3 Bh7g6
43.Nh5xf6 Ne6f4
44.Nf6d5 Rc7f7
45.Nd5xf4 Rf7xf4
46.Rf1xf4 Rf8xf4
47.Rc3c4 Kg7
48.Rc4d4 Rf4f7
49.Bd3c4 Rf7e7
50.e5 Bg6f7
51.e6 Bf7g6
52.g4 Kf6
53.Kf2 Bg6h7
54.Ke3 Bh7g8
55.Rd4d6 Bg8xe6
56.Ke4 Re7e8
57.Kd4 c5
58.bxc5 Kf7
59.Rd6xe6 Re8xe6
60.c6 bxc6
61.Kc5 Ke7
62.Bc4xe6 Kxe6
63.Kxc6 Ke5
64.Kb6 Kd6
65.Kxa6 Kc6
66.Ka7 Kc7
67.a6 Kc8
68.Kb6 Kb8
69.a7 Ka8
70.Ka6 { resign }
1-0

[Event "Tourn. n8126"]
[Site "www.chess-mail.com"]
[Date "2015.04.23"]
[Round "1"]
[White "Pariolinius"]
[Black "Attatroll"]
[WhiteElo "1920"]
[BlackElo "1920"]
[Result "0-1"]
[Round "1"]
1.e4 e6
2.Ng1f3 c5
3.d4 cxd4
4.Nf3xd4 a6
5.Nb1c3 Nb8c6
6.Bc1e3 Ng8e7
7.Qd1d2 Ne7g6
8.Bf1e2 Bf8b4
9.Be2d3 O-O
10.a3 Nc6xd4
11.Be3xd4 Bb4a5
12.b4 Ba5b6
13.Bd4xb6 Qd8xb6
14.O-O d6
15.Nc3a4 Qb6d8
16.c4 Ng6e5
17.Bd3e2 Bc8d7
18.Na4c3 Bd7c6
19.f3 Ne5g6
20.a4 Qd8b6
21.Kh1 Qb6xb4
22.Qd2e3 Qb4c5
23.Qe3d2 Ng6e5
24.Qd2a2 Qc5e3
25.Ra1c1 Ra8c8
26.Rf1e1 Ne5d3
27.Be2xd3 Qe3xd3
28.Qa2b2 Rf8d8
29.Rc1d1 Qd3xc4
30.Qb2a3 Bc6e8
31.Rd1b1 Qc4xc3
32.Qa3xc3 Rc8xc3
33.Rb1xb7 Be8xa4
34.h3 g6
35.Re1a1 Ba4b5
36.Ra1d1 Kf8
37.Rb7b6 Ke7
38.Rb6b7 Rd8d7
39.Rb7b6 Rc3c6
40.Rb6b8 h5
41.f4 Bb5e2
42.Rd1e1 Rc6c2
43.Rb8b6 Rd7a7
44.Re1b1 Be2b5
45.Rb1d1 Rc2c6
46.Rb6b8 Ra7c7
47.e5 d5
48.Kg1 Rc6c1
{ resign }
0-1

[Event "Tourn. n8189"]
[Site "www.chess-mail.com"]
[Date "2015.04.23"]
[Round "1"]
[White "Panham"]
[Black "Derfel83"]
[WhiteElo "2000"]
[BlackElo "1800"]
[Result "0-1"]
[Round "1"]
1.d4 d5
2.c4 c6
3.Nb1c3 Ng8f6
4.e3 e6
5.Ng1f3 b6
6.b3 Bc8a6
7.Bf1d3 Bf8d6
8.O-O O-O
9.Bc1b2 Nb8d7
10.e4 Nf6xe4
11.Nc3xe4 dxe4
12.Bd3xe4 Ba6b7
13.Qd1c2 f5
14.Be4d3 Ra8c8
15.Ra1e1 Qd8e8
16.g4 Qe8g6
17.Kh1 Qg6xg4
18.Rf1g1 Qg4xf3
19.Rg1g2 c5
20.d5 exd5
21.Re1e3 d4
22.Re3xf3 Bb7xf3
23.Bd3xf5 Rc8e8
{ resign }
0-1

[Event "Tourn. n8188"]
[Site "www.chess-mail.com"]
[Date "2015.04.23"]
[Round "1"]
[White "Hali"]
[Black "Panham"]
[WhiteElo "2190"]
[BlackElo "2030"]
[Result "1-0"]
[Round "1"]
1.e4 c6
2.d4 d5
3.exd5 cxd5
4.c4 Ng8f6
5.Nb1c3 e6
6.c5 b6
7.b4 a5
8.Nc3a4 bxc5
9.bxc5 Nf6d7
10.Bf1b5 Qd8c7
11.Na4b6 Ra8a7
12.Qd1e2 Bf8e7
13.Bc1f4 Qc7xf4
14.Nb6xc8 Qf4xd4
15.Ra1c1 Be7xc5
16.Nc8xa7 Bc5xa7
17.Rc1c8 Ke7
18.Rc8xh8 Qd4b4
19.Qe2d2 Qb4xb5
20.Ng1e2 Qb5b1
21.Qd2d1 Ba7xf2
22.Kxf2 { resign }
1-0

[Event "Tourn. n8156"]
[Site "www.chess-mail.com"]
[Date "2015.04.23"]
[Round "1"]
[White "Colchester"]
[Black "Goga"]
[WhiteElo "1930"]
[BlackElo "1980"]
[Result "1/2-1/2"]
[Round "1"]
1.d4 Ng8f6
2.c4 g6
3.g3 d5
4.cxd5 Qd8xd5
5.Ng1f3 Bf8g7
6.Bf1g2 Nb8c6
7.Nb1c3 Qd5d8
8.O-O O-O
9.d5 Nc6b4
10.e4 Bc8g4
11.a3 Nb4a6
12.Qd1c2 Bg4xf3
13.Bg2xf3 Nf6d7
14.Bf3g2 Rf8e8
15.Rf1e1 e5
16.Bc1e3 b6
17.Ra1c1 Na6b8
18.b4 Nd7f6
19.h3 Re8e7
20.Qc2d2 Nf6e8
21.Be3h6 Ne8d6
22.Bh6xg7 Kxg7
23.b5 Nb8d7
24.a4 Nd7c5
25.Rc1b1 { draw }
1/2-1/2

[Event "Tourn. n8067"]
[Site "www.chess-mail.com"]
[Date "2015.04.23"]
[Round "1"]
[White "Groz"]
[Black "Colchester"]
[WhiteElo "1809"]
[BlackElo "1850"]
[Result "1/2-1/2"]
[Round "1"]
1.e4 c6
2.d4 d5
3.Nb1c3 dxe4
4.Nc3xe4 Bc8f5
5.Ne4g3 Bf5g6
6.Ng1f3 Nb8d7
7.Bf1d3 e6
8.O-O Qd8c7
9.Rf1e1 Bf8d6
10.c4 b6
11.a3 Ng8f6
12.Bd3xg6 hxg6
13.d5 cxd5
14.cxd5 e5
15.Bc1g5 Ra8c8
16.Ra1c1 Qc7b7
17.Rc1xc8 Qb7xc8
18.Qd1d2 O-O
19.h3 Qc8c5
20.Re1d1 Rf8c8
21.Nf3e1 Qc5b5
22.Bg5e3 Bd6c5
23.Be3xc5 Qb5xc5
24.b4 Qc5c3
25.Qd2a2 Qc3c4
26.Qa2d2 Qc4c3
27.Qd2a2 Qc3c4
28.Qa2d2 Qc4c3
29.Qd2a2 Qc3c4
30.Qa2d2 Qc4c3
31.Qd2a2 { draw }
1/2-1/2

[Event "Tourn. n8127"]
[Site "www.chess-mail.com"]
[Date "2015.04.23"]
[Round "1"]
[White "Nimzo"]
[Black "Krasin"]
[WhiteElo "2700"]
[BlackElo "2330"]
[Result "1-0"]
[Round "1"]
1.d4 Ng8f6
2.c4 g6
3.f3 Bf8g7
4.e4 d6
5.Nb1c3 O-O
6.Bc1e3 c5
7.Ng1e2 Nb8c6
8.d5 Nc6e5
9.Ne2g3 h5
10.Bf1e2 e6
11.O-O exd5
12.cxd5  { time }
1-0

[Event "Match"]
[Site "www.echecsemail.com"]
[Date "2015.04.23"]
[Round "1"]
[White "Alanocturna"]
[Black "Pembertonia"]
[WhiteElo "1590"]
[BlackElo "1400"]
[Result "1-0"]
[Round "1"]
1.g3 e5
2.Bf1g2 Ng8f6
3.e3 d5
4.Ng1e2 Nb8c6
5.O-O Bf8d6
6.d4 O-O
7.Nb1c3 b6
8.a4 e4
9.Ne2f4 Bc8a6
10.Rf1e1 Ba6c8
11.Nc3xd5 Bd6b4
12.c3 Bb4d6
13.Nd5xf6 gxf6
14.Bg2xe4 Bc8b7
15.b4 Rf8e8
16.Qd1f3 Qd8d7
17.b5 Nc6e7
18.Be4xb7 Ra8d8
19.Nf4d5 Ne7f5
20.Nd5xf6 Kg7
21.Nf6xd7 { resign }
1-0

[Event "Match"]
[Site "www.echecsemail.com"]
[Date "2015.04.23"]
[Round "1"]
[White "Paco"]
[Black "Oxycontin"]
[WhiteElo "1890"]
[BlackElo "2030"]
[Result "0-1"]
[Round "1"]
1.e4 c5
2.d4 cxd4
3.Qd1xd4 Nb8c6
4.Qd4a4 e5
5.Ng1f3 d6
6.Bf1c4 Bf8e7
7.Nb1c3 Bc8d7
8.Bc4b5 h6
9.Bc1e3 Ng8f6
10.O-O-O O-O
11.h3 a6
12.Bb5e2 Nc6d4
13.Qa4b4 Nd4xe2
14.Nc3xe2 Bd7c6
15.g4 d5
16.Qb4b6 d4
17.Nf3xe5 Qd8xb6
18.Be3xd4 Be7c5
19.Ne5c4 Qb6a7
20.Rh1h2 Bc6xe4
21.f4 Ra8c8
22.Bd4xc5 Qa7xc5
23.b3 b5
24.g5 hxg5
25.fxg5 Nf6d5
26.Ne2g3 Nd5c3
27.Rd1e1 bxc4
28.Ng3xe4 Qc5a3
29.Kd2 Nc3xe4
30.Ke2 cxb3
31.Kf1 bxa2
32.Re1a1 Qa3b2
33.Ra1xa2 Qb2xa2
{ resign }
0-1

[Event "Match"]
[Site "www.echecsemail.com"]
[Date "2015.04.23"]
[Round "1"]
[White "Hugol"]
[Black "Ztornad"]
[WhiteElo "1960"]
[BlackElo "1740"]
[Result "0-1"]
[Round "1"]
1.e4 e5
2.Ng1f3 d6
3.d4 Nb8d7
4.dxe5 dxe5
5.Nb1c3 h6
6.Bf1c4 Qd8f6
7.Nc3d5 Qf6d6
8.O-O Nd7b6
9.Nd5xb6 Qd6xb6
10.Nf3xe5 Ng8f6
11.Bc4xf7 Ke7
12.Bf7b3 Rh8h7
13.Ne5g6 Ke8
14.Ng6xf8 Kxf8
15.Qd1f3 Bc8e6
16.e5 Be6xb3
17.axb3 Ra8e8
18.exf6 Qb6xf6
19.Qf3xf6 gxf6
20.Ra1xa7 Re8b8
21.Bc1f4 h5
22.Rf1a1 Kg7
23.Bf4xc7 Rb8e8
24.Kf1 Kg6
25.Bc7g3 h4
26.Bg3f4 Re8e4
27.Bf4e3 Rh7f7
28.Ra1a4 Re4e5
29.Ra4xh4 Re5h5
30.Rh4xh5 Kxh5
31.Ra7a5 Kg6
32.c4 Rf7d7
33.Ra5d5 Rd7h7
 { time }
0-1

[Event "Match"]
[Site "www.echecsemail.com"]
[Date "2015.04.23"]
[Round "1"]
[White "Cyrilgeorge"]
[Black "Tomcapp"]
[WhiteElo "1429"]
[BlackElo "1500"]
[Result "0-1"]
[Round "1"]
1.e4 e5
2.Ng1f3 Nb8c6
3.d4 exd4
4.Nf3xd4 Nc6xd4
5.Qd1xd4 d6
6.e5 d5
7.c4 Bc8e6
8.cxd5 Be6xd5
9.Qd4a4 c6
10.Nb1c3 b5
11.Qa4c2 Bf8b4
12.Bc1d2 Bb4xc3
13.Qc2xc3 Ng8e7
14.Qc3a5 Qd8b8
15.f4 O-O
16.Bd2b4 Rf8e8
17.Bb4xe7 Re8xe7
18.b3 f6
19.Kd2 fxe5
20.Ra1e1 e4
21.g3 Qb8d6
22.Re1e3 Bd5xb3
23.Kc3 Bb3f7
24.Bf1g2 b4
25.Qa5xb4 Qd6xb4
{ resign }
0-1

[Event "Match"]
[Site "www.echecsemail.com"]
[Date "2015.04.23"]
[Round "1"]
[White "Udo"]
[Black "Gavroche"]
[WhiteElo "1510"]
[BlackElo "1830"]
[Result "0-1"]
[Round "1"]
1.e4 e5
2.Ng1f3 Nb8c6
3.g3 Ng8f6
4.Bf1d3 Bf8c5
5.O-O O-O
6.Qd1e2 d6
7.Kg2 Nf6h5
8.Rf1h1 Qd8f6
9.Nf3g1 Qf6g6
10.h3 Nh5f4
11.Kh2 Nf4xe2
12.Ng1xe2 Qg6h5
13.Kg2 Bc8e6
14.f3 Nc6b4
15.Ne2c3 f5
16.Bd3e2 Nb4xc2
17.g4 fxg4
18.fxg4 Qh5h4
19.Nc3b5 Qh4f2
{ resign }
0-1

[Event "Match"]
[Site "www.echecsemail.com"]
[Date "2015.04.23"]
[Round "1"]
[White "Gilliere"]
[Black "Expert"]
[WhiteElo "1870"]
[BlackElo "1680"]
[Result "0-1"]
[Round "1"]
1.e4 c5
2.Ng1f3 d6
3.d4 cxd4
4.Nf3xd4 Ng8f6
5.Nb1c3 g6
6.h3 Bf8g7
7.Bf1c4 O-O
8.O-O a6
9.a3 Qd8c7
10.Nd4f3 Qc7xc4
11.Nf3d2 Qc4c7
12.Nd2f3 Nb8c6
13.Ra1b1 b5
14.Bc1f4 Bc8b7
15.Nc3d5 Nf6xd5
16.exd5 Nc6b8
17.c3 Nb8d7
18.Rf1e1 Nd7f6
19.Bf4g5 h6
20.Bg5xf6 Bg7xf6
21.Qd1d2 Qc7c5
22.Re1d1 Bf6g7
23.Nf3e1 Ra8c8
24.Rb1c1 Rf8e8
25.Ne1c2 a5
26.Nc2e3 h5
27.b4 axb4
28.axb4 Qc5b6
29.Rc1a1 Bg7xc3
30.Qd2d3 Bc3xb4
31.Rd1c1 Rc8xc1
32.Ra1xc1 Bb4c5
33.Ne3d1 Re8a8
34.Rc1b1 b4
35.Qd3f3 Ra8a3
36.Rb1b3 Ra3xb3
37.Qf3e4 Qb6c7
38.Kh2 Rb3c3
39.Nd1xc3 bxc3
{ resign }
0-1

[Event "Match"]
[Site "www.echecsemail.com"]
[Date "2015.04.23"]
[Round "1"]
[White "Andradamaria"]
[Black "Llord"]
[WhiteElo "2119"]
[BlackElo "1790"]
[Result "1-0"]
[Round "1"]
1.d4 c6
2.e4 d5
3.Nb1c3 dxe4
4.Nc3xe4 Bc8f5
5.Ne4g3 Bf5g6
6.Ng1e2 Ng8f6
7.Ne2f4 e6
8.c3 Nf6e4
9.Nf4xg6 hxg6
10.Ng3xe4 f5
11.Ne4g5 Bf8e7
12.Ng5xe6 Qd8d6
13.Ne6g5 Be7xg5
14.Bc1xg5 Nb8d7
15.Bf1c4 b5
16.Qd1e2 { resign }
1-0